Central Library OPAC University of Rajshahi

The tragedy of Coriolanus / (Record no. 77651)

MARC details
000 -LEADER
fixed length control field 01090nam a2200337 a 4500
001 - CONTROL NUMBER
control field 77651
003 - CONTROL NUMBER IDENTIFIER
rucl marc code BD-RjUL
005 - DATE AND TIME OF LATEST TRANSACTION
control field 20211209083016.0
008 - FIXED-LENGTH DATA ELEMENTS--GENERAL INFORMATION
fixed length control field 201220s1960 enk b 000 0 eng u
035 ## - SYSTEM CONTROL NUMBER
System control number (BD-RjUL)77877
040 ## - CATALOGING SOURCE
Original cataloging agency YNG
Modifying agency OCL
-- m.c
-- EQO
Language of cataloging eng
Transcribing agency BD-RjUL
041 ## - LANGUAGE CODE
Language code of text/sound track or separate title eng
082 ## - DEWEY DECIMAL CLASSIFICATION NUMBER
Edition number 23
Classification number 822.33
Author mark and year SHT 1960
100 1# - MAIN ENTRY--PERSONAL NAME
Personal name Shakespeare, William,
Dates associated with a name 1564-1616.
9 (RLIN) 242702
245 14 - TITLE STATEMENT
Title The tragedy of Coriolanus /
Statement of responsibility, etc. William Shakespeare; Edited by John Dover Wilson.
260 ## - PUBLICATION, DISTRIBUTION, ETC. (IMPRINT)
Place of publication, distribution, etc. Cambridge :
Name of publisher, distributor, etc. University Press,
Date of publication, distribution, etc. 1960.
300 ## - PHYSICAL DESCRIPTION
Pagination liii, 274 p. :
Illustrations ill. ;
Size 18 cm
490 1# - SERIES STATEMENT
Series statement The works of Shakespeare
500 ## - GENERAL NOTE
General note Edited by John Dover Wilson
504 ## - BIBLIOGRAPHY, ETC. NOTE
Bibliography, etc Includes bibliographical references
650 ## - SUBJECT ADDED ENTRY--TOPICAL TERM
Topical term or geographic name as entry element Coriolanus, Cnaeus Marcius
9 (RLIN) 242703
Topical term or geographic name as entry element Coriolanus (Shakespeare, William)
9 (RLIN) 242704
Topical term or geographic name as entry element Rome (Empire)
9 (RLIN) 242705
Topical term or geographic name as entry element Drama
9 (RLIN) 242706
700 1# - ADDED ENTRY--PERSONAL NAME
Personal name Wilson, John Dover,
Dates associated with a name 1881-1969.
830 ## - SERIES ADDED ENTRY--UNIFORM TITLE
Uniform title The works of Shakespeare
942 ## - ADDED ENTRY ELEMENTS (KOHA)
Source of classification or shelving scheme Dewey Decimal Classification
Koha item type Books
Holdings
Lost status Source of classification or shelving scheme Damaged status Not for loan Collection code Permanent Location Current Location Shelving location Date acquired Source of acquisition Total Checkouts Full call number Date last seen Copy number Koha item type
  Dewey Decimal Classification     Non-fiction Central Library, University of Rajshahi Central Library, University of Rajshahi   19/02/1963 Zeitlinger   822.33 SHT 1960 20/12/2020 C-2 Books
  Dewey Decimal Classification   Not For Loan Non-fiction Central Library, University of Rajshahi Central Library, University of Rajshahi Reading Room 19/02/1963 Zeitlinger   822.33 SHT 1960 20/12/2020 C-1 Books